01077nas a2200313 4500001001300000003000900013005001700022007000300039008003400042040005400076041000900130072001300139100002100152100002300173100002200196100001700218100001800235100001700253100001800270100001800288245012800306246012000434650001200554650002000566650002000586650001200606650003500618773011000653BR2012008872BR-BrBNA20231205121456.0ta230509b bl.|||p| |||| 00| 00por d aBR-BrBNAbporcBiblioteca Nacional de Agricultura a(Pt) aL74; L701 aMendonça, F.S.1 aEvêncio-Neto, J.1 aEstevão, L.R.M.1 aMelo, L.E.H.1 aFreitas, S.H.1 aArruda, L.P.1 aBoabaid, F.M.1 aColodel, E.M.1 aAspectos clínicos da intoxicação experimental pelas favas de Stryphnodendron fissuratum (Leg. Mimosoideae)em caprinos1 aClinical aspects of the experimental poisoning by the pods of Stryphnodendron fissuratum (Leg. Mimosoideae)in goats aCAPRINO aINTOXICAÇÃO aPLANTA TÓXICA aSINTOMA aEXPERIÊNCIA DE LABORATÓRIO0 tPesquisa Veterinária Brasileira (Brazil)xISSN 0100-736Xg(Mar 2010), v. 30(3) p. 203-210wBR2012008872